000 00261nam a2200109Ia 4500
001 588754
005 20250717120837.0
008 250717s9999 xx 000 0 und d
245 0 _aZ-2 ALA GEYİK
_cZİYA GÖKALP
260 _bERDEM YAYINLARI
_c2018
300 _b88
999 _c588754
_d588754